Estadísticas para Dioses Griegos

Haz click aquí para intentar la prueba.

Estadísticas generales

  • Esta prueba ha sido intentada 390 veces
  • La puntuación promedio es 7 de 15

Estadísticas de respuestas

Dios/a de ...Respuesta% Correcto
El vino y la locuraDionisio
88%
La caza, la luna y las mujeres jóvenesArtemisa
79%
Los viajeros, el comercio, el engaño, mensajeroHermes
75%
El fuego y los metalesHefesto
74%
La agricultura y la fertilidadDeméter
66%
La primavera, reina del inframundoPerséfone
64%
El hogar, la familia y la patriaHestia
59%
El amor, la atracción sexualEros
57%
El sueñoMorfeo
44%
La victoriaNiké
38%
Los pastores y los rebañosPan
31%
La magia y brujeríaHécate
19%
El destino (plural)Moiras
15%
La fuerza y el poderKratos
13%
La pazIrene
9%

Distribución de puntuación

Porcentaje por número respondido

Porcentaje de gente con cada puntuación

Historial de tus puntuaciones

No has intentado esta prueba.